00289 2200133 4500001002100000005001500021035002000036245002300056100001200079260003100091082000800122084001400130990001100144INLIS00000000000242420250604095829 a0010-06250000101 aSekayu /cNH. Dini0 aNH Dini aJakarta :bGramedia,c1994 a800 a800 NH s a983648